00751nam a2200193Ia 4500003000900000008004100009020001800050040001600068080002000084100002700104245016800131260003300299300001000332650002500342650002800367942000700395999001700402952013800419IN-BaIIA211028s9999 xx 000 0 eng d a1-58542-193-6 cIIA Library a330:546.11bRIF aRifkin, Jeremy.928683 4aThe hydrogen economybthe creation of the worldwide energy web and the redistribution of power on earthcJeremy Rifkin  aNew YorkbJ.P. Tarcherc2002 a294p. aGlobalization928684 aHydrogen as Fuel928685 cBK c15548d15548 00104070aBANbBANcGENd2003-12-19eEDS g1136.72l0o330:546.11/ RIFp16470r2021-11-05v1136.72w2003-12-19yBKGRs. 1136.72